| 000 | 00531nam a2200193Ia 4500 | ||
|---|---|---|---|
| 999 |
_c1392 _d1392 |
||
| 003 | OSt | ||
| 005 | 20200825105501.0 | ||
| 008 | 151015s9999 xx 000 0 und d | ||
| 020 | _a273682296 | ||
| 040 |
_aMMU _beng _cMMU _dMMU |
||
| 050 | _aG 155 .A1 H647 2004 | ||
| 245 |
_aMarketing for tourism/ _cHolloway Christopher J. |
||
| 250 | _a4th ed. | ||
| 260 |
_aEngland: _bPearson, _c 2004. |
||
| 500 | _aIncludes Index | ||
| 650 | _a_Marketing for Tourism | ||
| 700 | _a^d20110217 04:35:28^okilerai | ||
| 942 |
_2lcc _cLOAN LOAN |
||